000 00801nam a2200277Ia 4500
003 OSt
005 20221006153550.0
006 a|||||r|||| 00| 0
007 ta
008 221006b |||||||| |||| 00| 0 eng d
020 _a9781576072776
_cW 68,340
024 _a32,709
037 _bGift, 18/10/2007, Korean Embassy
_cTextual
040 _aEASL
_cEASL
_beng
041 _2eng
_aeng
082 _aV495g, P2
100 _aConnor Mary E Au.
_9664429
245 0 _aKoreas
_b A global studies handbook
260 _aSanta
_bBarbara ABC-CLIO USA
_c2002
300 _a307p.
_ccm.
490 _v KEL
650 _a KEL
650 _aSouth Korea-History
_9664430
942 _hV495g, P2
_cTEXL
_2CC
999 _c1100795
_d1100795